| 000 | 00917nam a2200325 b 4500 | ||
|---|---|---|---|
| 001 | 01026280 | ||
| 003 | DO-SdBNP | ||
| 005 | 20230223103604.0 | ||
| 007 | 01026280 | ||
| 008 | 981106s2003 cl |||| ||spa | ||
| 017 |
_a _b |
||
| 020 | _a9700515702 | ||
| 035 | _a | ||
| 040 |
_aBPMSU _bspa _cBPMSU _e |
||
| 082 | 4 |
_aB869.3 _bC672q 2003 _222 |
|
| 100 | 1 |
_aCoelho, Paulo _d1947- |
|
| 245 | 1 | 3 |
_aLa quinta montaña _cPaulo Coelho ; traducción de Montserrat Mira _h |
| 260 |
_aBarcelona : _bGrijalbo, _c2003 |
||
| 300 |
_a224 p. : _c23 cm |
||
| 490 | 0 | _aBiblioteca Paulo Coelho | |
| 534 |
_aTítulo original : _tO monte cinco |
||
| 590 | _6Inventariado, 2023/VM | ||
| 650 | 4 | _aNovela brasileña | |
| 650 | 4 |
_aÉxito _v Novela |
|
| 650 | 4 |
_aRelatos bíblicos _vNovela. |
|
| 700 | 1 |
_aMira, Montserrat _etr. |
|
| 830 | _aBiblioteca | ||
| 910 | _aVMateo V. Control de calidad (BPMSU) | ||
| 942 |
_2ddc _cBK |
||
| 999 |
_c10288 _d10288 |
||